Statystyki dla Cięższe zwierzęta niż Toyota Yaris 2020

Kliknij tutaj aby rozwiązać quiz!

Ogólne statystyki

  • Ten quiz został rozwiązany 162 razy
  • Średni wynik to 3 z 17

Statystyki odpowiedzi

HintOdpowiedź% Poprawnych
11000kgSłoń afrykański
79%
2000kgŻyrafa
61%
8000kgSłoń indyjski
57%
1300kgBawół
32%
1725kgBizon
24%
4500kgNosorożec biały
24%
2900kgNosorożec czarny
21%
4500kgHipopotam nilowy
13%
2300kgMors
8%
4000kgNosorożec indyjski
8%
2000kgKrokodyl różańcowy
6%
2000kgNosorożec sumatrzański
5%
2300kgNosorożec jawajski
4%
1500kgGaur
3%
1530kgKoń pociągowy
1%
6000kgSłoń afrykański leśny
0%
5000kgSłoń morski północny
0%

Rozkład punktacji

Percentyl według liczby udzielonych odpowiedzi

Procent ludzi z każdym wynikiem

Twoja historia wyników

Nie rozwiązałeś tego quizu